[Event "Open Dutch Championship"]
[Site "Dieren NED"]
[Date "2005.07.27"]
[Round "2"]
[White "Van Assendelft,F"]
[Black "Sminia,J"]
[Result "1/2-1/2"]
[WhiteElo "2248"]
[BlackElo "2153"]

1.e4 e6 2.Nc3 d5 3.d4 Nf6 4.e5 Nfd7 5.Nf3 c5 6.dxc5 Bxc5 7.Bd3 Nc6 8.Qe2 a6
9.h4 b5 10.Bf4 h6 11.h5 Nb4 12.Rh3 Bb7 13.Rg3 Bf8 14.Be3 Qc7 15.Kf1 Rc8 16.a3 Nxd3
17.cxd3 Qa5 18.Nd4 b4 19.Nb3 Qc7 20.axb4 Qxe5 21.b5 Qd6 22.Bd4 axb5 23.Ra7 Bc6
24.Bxg7 Bxg7 25.Rxg7 b4 26.Qf3 Rf8 27.Ne2 Qe5 28.Qg3 Qxb2 29.Ned4 Qb1+ 30.Ke2 Qb2+
31.Kf3 Qc3 32.Kg4 Bb5 33.Kh4 Bc6 34.Qd6 Bb5 35.Nxb5 Qf6+ 36.Kh3 Qf5+ 37.g4 Qf3+
38.Qg3 Qh1+ 39.Qh2 Qf3+ 40.Qg3 Qh1+ 41.Qh2 Qf3+  1/2-1/2

[Event "MTO Open"]
[Site "Biel SUI"]
[Date "2005.07.29"]
[Round "11"]
[White "Kellenberger,S"]
[Black "Misiano,F"]
[Result "1/2-1/2"]
[WhiteElo "2161"]
[BlackElo "2256"]

1.e4 e6 2.d4 d5 3.Nc3 Nf6 4.e5 Nfd7 5.f4 c5 6.Nf3 Nc6 7.Be3 cxd4 8.Nxd4 Bc5
9.Na4 Bxd4 10.Bxd4 Nxd4 11.Qxd4 a6 12.b4 Qc7 13.Bd3 O-O 14.O-O b5 15.Nc3 Bb7
16.a4 Rfc8 17.Ra3 bxa4 18.Nxa4 Bc6 19.Nc3 Bb7 20.Na4 Bc6 21.Rc3 Qb7 22.Nc5 Nxc5
23.Rxc5 Bb5 24.f5 Bxd3 25.cxd3 Rxc5 26.Qxc5 exf5 27.Rxf5 Rc8 28.Qd4 Rb8 29.Rf4 Qb6
30.Qc5 Qe6 31.Qa7 Qb6+ 32.Qxb6 Rxb6 33.Kf2 Kf8 34.Ke3 Ke7 35.Kd2 Ke6 36.Kc3  1/2-1/2

[Event "Open Dutch Championship"]
[Site "Dieren NED"]
[Date "2005.07.29"]
[Round "4"]
[White "Swinkels,J"]
[Black "Paalman,HJ"]
[Result "1/2-1/2"]
[WhiteElo "2046"]
[BlackElo "2155"]

1.e4 e6 2.d4 d5 3.Nc3 Nf6 4.e5 Nfd7 5.f4 c5 6.Nf3 Nc6 7.Be3 a6 8.Qd2 b5 9.dxc5 Bxc5
10.Nd4 Qb6 11.O-O-O O-O 12.Kb1 Bb7 13.Qf2 Rfc8 14.g4 Nxd4 15.Bxd4 b4 16.Na4 Bxd4
17.Rxd4 Qa5 18.b3 Bc6 19.Nb2 Qb6 20.Bg2 a5 21.Rd2 Bb5 22.Re1 Qxf2 23.Rxf2 Nc5
24.f5 Ra7 25.Rd2 a4 26.Re3 a3 27.Nd1 Rac7 28.Nf2 h6 29.Re1 Kf8 30.Bf1  1/2-1/2

[Event "ch-IRI Semi-Final"]
[Site "Tehran IRI"]
[Date "2005.08.03"]
[Round "1"]
[White "Mohammadi,H"]
[Black "Asgari,M"]
[Result "0-1"]
[WhiteElo "2328"]
[BlackElo "2182"]

1.e4 e6 2.d4 d5 3.Nc3 Nf6 4.e5 Nfd7 5.f4 c5 6.Nf3 Nc6 7.Be3 cxd4 8.Nxd4 Bc5
9.Qd2 O-O 10.O-O-O a6 11.Qf2 Bxd4 12.Bxd4 b5 13.Bd3 b4 14.Ne2 a5 15.g4 Ba6
16.g5 a4 17.Kb1 Qc7 18.Qh4 g6 19.Qf2 Rfc8 20.Rd2 Bc4 21.Rc1 Ra5 22.Bxc4 dxc4
23.c3 a3 24.cxb4 Nxb4 25.Bc3 Rb5 26.Bxb4 Rxb4 27.Qd4 axb2 28.Rxb2 Rxb2+ 29.Kxb2 Rb8+
30.Ka1 Qb7 31.Qd2 Nc5 32.Rd1 Nb3+ 33.axb3 Ra8+  0-1

[Event "ch-IRI Semi-Final"]
[Site "Tehran IRI"]
[Date "2005.08.05"]
[Round "3"]
[White "Ahmadinia,E"]
[Black "Mohajerin,P"]
[Result "1/2-1/2"]
[WhiteElo "2195"]
[BlackElo "2334"]

1.e4 e6 2.d4 d5 3.Nc3 Nf6 4.e5 Nfd7 5.f4 c5 6.Nf3 Nc6 7.Be3 a6 8.Qd2 b5 9.Be2 b4
10.Nd1 a5 11.O-O cxd4 12.Nxd4 Nxd4 13.Bxd4 Bc5 14.c3 Qb6 15.Ne3 f6 16.Kh1 O-O
17.exf6 Nxf6 18.Bf3 Ba6 19.Rfe1 Ne4 20.Bxe4 dxe4 21.Ng4 Bxd4 22.cxd4 Bd3
23.Nf2 Rad8 24.Nxe4 Rxd4 25.Ng5 Bf5 26.Qe3 Qd6 27.Qb3 Rd5 28.Rad1 Rd8 29.Rxd5 Qxd5
30.Qe3 h6 31.Nf3 Qxa2 32.h3 Qd5 33.Kh2 a4 34.Qa7 Qd7 35.Qa5 Qd6 36.Kh1 a3
37.bxa3 bxa3 38.Ra1 Rb8 39.Qxa3 Rb1+ 40.Ng1 Qxf4 41.Rxb1 Bxb1 42.Qb3 Qf5
43.Nf3 Be4 44.Nd2 Bd5 45.Qe3 Kh7 46.Kg1 Qg6 47.Nf3 Qg3 48.Qe5 Qg6 49.Ne1 Qe4
50.Qg3 g5 51.Nd3 Kg6 52.Ne5+ Kf5 53.Nf7 Kg6 54.Ne5+ Kg7 55.Nd3 Kf6 56.Qf2+ Qf5
57.Qd4+ Kf7 58.Ne5+ Kg7 59.Qc3 Qb1+ 60.Kh2  1/2-1/2

[Event "FSGM August"]
[Site "Budapest HUN"]
[Date "2005.08.06"]
[Round "1"]
[White "Fogarasi,T"]
[Black "Erdos,V"]
[Result "1/2-1/2"]
[WhiteElo "2490"]
[BlackElo "2499"]

1.e4 e6 2.d4 d5 3.Nc3 Nf6 4.e5 Nfd7 5.f4 c5 6.Nf3 Nc6 7.Be3 cxd4 8.Nxd4 Bc5
9.Qd2 O-O 10.O-O-O a6 11.Qf2 Bxd4 12.Bxd4 b5 13.Bd3 b4 14.Na4 Nxd4 15.Qxd4 a5
16.h4 Ba6 17.h5 Qc7 18.Rhe1 Rfc8 19.Re2 Bxd3 20.Rxd3 Ra6 21.b3 Rc6 22.Rdd2 Qd8
23.Qf2 Nc5 24.Nxc5 Rxc5 25.h6 a4 26.Qg3 g6 27.Kd1 axb3 28.axb3 Rc3 29.Qf2 Qa5
30.Ke1 Qa1+  1/2-1/2

[Event "Warmia & Mazury"]
[Site "Ostroda POL"]
[Date "2005.08.09"]
[Round "5"]
[White "Walach,M"]
[Black "Stryjecki,M"]
[Result "1-0"]
[WhiteElo "2367"]
[BlackElo "2418"]

1.e4 e6 2.d4 d5 3.Nc3 Nf6 4.e5 Nfd7 5.f4 c5 6.Nf3 Nc6 7.Be3 a6 8.Qd2 b5 9.dxc5 Bxc5
10.Bxc5 Nxc5 11.Bd3 Qb6 12.Ne2 b4 13.Ned4 Nxd4 14.Nxd4 a5 15.Qe3 Ba6 16.O-O g6
17.g4 Rc8 18.f5 Nxd3 19.cxd3 gxf5 20.gxf5 Rg8+ 21.Kh1 Rg4 22.fxe6 Bxd3 23.exf7+ Ke7
24.Qxd3 Qxd4 25.Qxh7 Rf8  1-0

[Event "Summer"]
[Site "Borovo CRO"]
[Date "2005.08.10"]
[Round "8"]
[White "Kovacevic,A"]
[Black "Kovacevic,B"]
[Result "1/2-1/2"]
[WhiteElo "2537"]
[BlackElo "2495"]

1.e4 e6 2.d4 d5 3.Nc3 Nf6 4.e5 Nfd7 5.f4 c5 6.Nf3 Nc6 7.Be3 a6 8.Qd2 b5 9.Be2 b4
10.Nd1 a5 11.O-O Be7 12.c3 O-O 13.Nf2 Ba6 14.Bxa6 Rxa6 15.dxc5 Nxc5 16.c4 dxc4
17.Qe2 Nd3 18.Rfd1 Qa8 19.Nxd3 cxd3 20.Qxd3 Nb8 21.Rac1 Rc6 22.Qb5 Rfc8 23.Rxc6 Rxc6
24.Rc1 Rxc1+ 25.Bxc1 Qa7+ 26.Kf1 Nd7 27.Qc6 h6 28.Ke2 Bc5 29.Bd2 Bb6 30.Qc8+ Kh7
31.h4 Bd4 32.h5 Bc5 33.g4 Nf8 34.Qc6 Bb6 35.Qc8 Bc5 36.Qc6 Bb6 37.Qc8  1/2-1/2

[Event "HZ Open"]
[Site "Vlissingen NED"]
[Date "2005.08.12"]
[Round "7"]
[White "Doggers,P"]
[Black "Friesen,B"]
[Result "1/2-1/2"]
[WhiteElo "2249"]
[BlackElo "2139"]

1.e4 e6 2.d4 d5 3.Nc3 Nf6 4.e5 Nfd7 5.f4 c5 6.Nf3 Nc6 7.Be3 Qb6 8.Na4 Qa5+
9.c3 cxd4 10.b4 Nxb4 11.cxb4 Bxb4+ 12.Bd2 Bxd2+ 13.Nxd2 b6 14.Qb3 Ba6 15.Bxa6 Qxa6
16.Nb2 Qa5 17.a3 Qc3 18.Rd1 O-O 19.Na4 Qc6 20.Nf3 Nc5 21.Nxc5 bxc5 22.O-O Qa6
23.Qd3 Qxd3 24.Rxd3 Rab8 25.Rc1 Rfc8 26.Rd2 Rb3 27.Nxd4 Rxa3 28.Rb2 c4 29.Rb7 a6
30.Rcb1 g6 31.Ra7 Rd3 32.Ne2 c3 33.Rbb7 c2 34.Rxf7 c1=Q+ 35.Nxc1 Rxc1+ 36.Kf2 Ra3
37.Rg7+ Kf8 38.h3 Rc2+ 39.Kg1 Ra1+ 40.Kh2 Raa2 41.Rxh7  1/2-1/2

[Event "ch-AUT"]
[Site "Gmunden AUT"]
[Date "2005.08.14"]
[Round "4"]
[White "Sommerbauer,N"]
[Black "Baumegger,S"]
[Result "1-0"]
[WhiteElo "2427"]
[BlackElo "2411"]

1.e4 e6 2.d4 d5 3.Nc3 Nf6 4.e5 Nfd7 5.f4 c5 6.Nf3 Nc6 7.Be3 cxd4 8.Nxd4 Bc5
9.Qd2 O-O 10.O-O-O a6 11.h4 Nxd4 12.Bxd4 b5 13.Kb1 Qc7 14.Rh3 b4 15.Na4 Bxd4
16.Qxd4 a5 17.b3 f6 18.exf6 Nxf6 19.Nb6 Rb8 20.Nxc8 Rbxc8 21.Bd3 Qd6 22.Rf3 a4
23.Re1 axb3 24.axb3 Nd7 25.g3 Ra8 26.Rfe3 Nc5 27.Re5 Qb6 28.Rxe6 Qa5 29.Re7 Qa2+
30.Kc1 Nxd3+ 31.Qxd3 Rfc8 32.h5 d4 33.h6 Qa1+ 34.Kd2 Qc3+ 35.Qxc3 dxc3+ 36.Ke3 gxh6
37.Rd1 Re8 38.Rd7 Rxe7+ 39.Rxe7 Rd8 40.Re4 Rd2 41.Rxb4 Rxc2 42.Rc4 Rc1 43.Kd3 Rg1
44.Rxc3 Rxg3+ 45.Kd4 Rg1 46.b4 Rb1 47.Kc5 Kf7 48.b5 h5 49.b6 Kf6 50.Kc6 h4
51.b7 Rb2 52.Rh3 Rc2+ 53.Kd7 Rd2+ 54.Kc8 Rc2+ 55.Kb8 Kg6 56.Rxh4 h5 57.Rh1 Rf2
58.Rg1+ Kh6 59.Rb1 Rxf4 60.Kc7 Rf7+ 61.Kd6  1-0

[Event "2nd Dato' Arthur Tan Malaysian Open"]
[Site "Kuala Lumpur MAS"]
[Date "2005.08.21"]
[Round "3"]
[White "Aw Wai Onn"]
[Black "Lim Kian Hwa"]
[Result "0-1"]
[WhiteElo "1920"]
[BlackElo "2106"]

1.d4 d5 2.e4 e6 3.Nc3 Nf6 4.e5 Nfd7 5.Nce2 c5 6.c3 Nc6 7.f4 cxd4 8.cxd4 Be7
9.Nf3 O-O 10.Bd2 f6 11.Bc3 fxe5 12.fxe5 Rf7 13.Ng3 Nf8 14.Bd3 Bd7 15.h4 Rf4
16.Nh5 Rf7 17.Qe2 a6 18.Bd2 Nb4 19.Bb1 Rc8 20.O-O Bb5 21.Qe1 Bxf1 22.Bxb4 Bxb4
23.Qxf1 Be7 24.Bd3 Bxh4 25.Qe2 Be7 26.Nh2 Qb6 27.Qg4 Qxb2 28.Rb1 Rc1+ 29.Rxc1 Qxc1+
30.Nf1 Bg5 31.Qg3 Ng6  0-1

[Event "Rudenko mem"]
[Site "St Petersburg RUS"]
[Date "2005.08.21"]
[Round "2"]
[White "Iodo,A"]
[Black "Tomilova,E"]
[Result "0-1"]
[WhiteElo "2168"]
[BlackElo "2306"]

1.e4 e6 2.d4 d5 3.Nc3 Nf6 4.e5 Nfd7 5.Nce2 c5 6.c3 Nc6 7.f4 Qa5 8.a3 cxd4
9.b4 Qb6 10.cxd4 a5 11.b5 Qxb5 12.Nc3 Qb6 13.Nf3 Be7 14.Rb1 Qd8 15.Bd3 f5
16.Nb5 O-O 17.Rg1 Nb6 18.g4 Nc4 19.Qe2 Kh8 20.gxf5 exf5 21.Bxc4 dxc4 22.Qxc4 Bd7
23.d5 Bh4+ 24.Kf1 Rc8 25.dxc6 Bxc6 26.Qe2 Be4 27.Nfd4 Bxb1 28.Bb2 Ba2 29.Nd6 Qc7
30.Qh5 Bc4+ 31.Kg2 Bd5+ 32.Kh3 Qb6 33.Qe2 Be7 34.Nxc8 Qh6+  0-1

[Event "2nd Dato' Arthur Tan Malaysian Open"]
[Site "Kuala Lumpur MAS"]
[Date "2005.08.23"]
[Round "7"]
[White "Lim Kian Hwa"]
[Black "Wan Khye Theng"]
[Result "1/2-1/2"]
[WhiteElo "2106"]
[BlackElo "1911"]

1.e4 e6 2.d4 d5 3.Nc3 Nf6 4.e5 Nfd7 5.f4 c5 6.Nf3 Nc6 7.Ne2 b5 8.c3 Qb6 9.g4 h5
10.gxh5 Rxh5 11.Ng3 Rh8 12.Be3 cxd4 13.cxd4 Be7 14.Bg2 Ba6 15.Kf2 Qd8 16.Rc1 Bb7
17.f5 Nb6 18.fxe6 fxe6 19.Qd3 Qd7 20.Qg6+ Kd8 21.h4 Kc7 22.Bh3 Bc8 23.Rc2 Nc4
24.b3 Na3 25.Rcc1 Kb6 26.Ne2 Nd8 27.Nf4 Rh6 28.Nxd5+ Qxd5 29.Bxh6 gxh6 30.Bg2 Bb7
31.Rhd1 Nc6 32.Ke3 Rf8 33.Ne1 Qd7 34.Qxh6 Bb4 35.Nf3 Qf7 36.Rf1 Qd7 37.Rfd1 Qf7
38.Rf1 Qd7 39.Rfd1  1/2-1/2

[Event "8th Open"]
[Site "Banyoles ESP"]
[Date "2005.08.24"]
[Round "8"]
[White "Wiwe,A"]
[Black "Borges Mateos,J"]
[Result "0-1"]
[WhiteElo "2200"]
[BlackElo "2467"]

1.e4 e6 2.d4 d5 3.Nc3 Nf6 4.e5 Nfd7 5.f4 c5 6.Nf3 Nc6 7.Be3 a6 8.Qd2 Be7
9.Be2 b5 10.O-O O-O 11.a3 Qb6 12.Kh1 Bb7 13.dxc5 Bxc5 14.Bxc5 Nxc5 15.f5 Ne4
16.Qf4 Ne7 17.Nxe4 dxe4 18.Nh4 exf5 19.Nxf5 Nxf5 20.Qxf5 Qc5 21.Bh5 g6 22.Qg5 Rae8
23.Rf5 Bc8 24.Rxf7 Rxf7 25.Bxg6 Rg7 26.Bxh7+ Kh8 27.Bg6 Qf2 28.Qh5+ Kg8 29.Bxe4 Qf7
30.Qh4 Bb7 31.Rd1 Qe7  0-1

[Event "Operation Capablanca"]
[Site "Vienna AUT"]
[Date "2005.08.27"]
[Round "4"]
[White "Balinov,I"]
[Black "Beckhuis,G"]
[Result "1-0"]
[WhiteElo "2388"]
[BlackElo "2324"]

1.e4 e6 2.d4 d5 3.Nc3 Nf6 4.e5 Nfd7 5.f4 c5 6.Nf3 Nc6 7.Be3 cxd4 8.Nxd4 Bc5
9.Qd2 Nxd4 10.Bxd4 Bxd4 11.Qxd4 Qb6 12.Qd2 Nc5 13.O-O-O Bd7 14.h4 O-O-O 15.Qd4 Kc7
16.Rh3 Bc6 17.b4 Ne4 18.b5 Nf2 19.bxc6 Qxd4 20.Nb5+ Kb6 21.Rxd4 Nxh3 22.gxh3 bxc6
23.Nd6 Rd7 24.Rb4+ Kc5 25.a3 Rxd6 26.exd6 Kxd6 27.Rb7 a5 28.Rxf7 g6 29.Kd2 c5
30.Ke3 c4 31.Ra7 Rb8 32.Ra6+ Ke7 33.Rxa5 Rb1 34.Be2 Rh1 35.Ra7+ Kf6 36.Rxh7 Rxh3+
37.Bf3 Rh2 38.h5 Rxc2 39.Rh6 Rc3+ 40.Kf2 Rxa3 41.Bg4 Ra6 42.Ke3 Ra3+ 43.Kd2 Ra2+
44.Kc3 Ra3+ 45.Kd4 Rd3+ 46.Kc5 Re3 47.Kd6 c3 48.Rxg6+ Kf7 49.Bxe6+  1-0

[Event "IX Taca BCX"]
[Site "Brasiliat BRA"]
[Date "2005.09.10"]
[Round "9"]
[White "Matsuura,E"]
[Black "Pimentel,W"]
[Result "1-0"]
[WhiteElo "2453"]
[BlackElo "2126"]

1.e4 e6 2.d4 d5 3.Nc3 Nf6 4.e5 Nfd7 5.Nce2 c5 6.c3 Nc6 7.f4 Be7 8.Nf3 O-O
9.g3 b5 10.a3 a5 11.Bh3 Ba6 12.f5 exf5 13.Bxf5 b4 14.axb4 axb4 15.Bxh7+ Kh8
16.Bd3 Bxd3 17.Rxa8 Qxa8 18.Qxd3 bxc3 19.bxc3 cxd4 20.cxd4 Qa7 21.Kf2 Rc8
22.Qf5 Nd8 23.Bg5  1-0

[Event "Autumn 1"]
[Site "Alushta UKR"]
[Date "2005.09.13"]
[Round "17"]
[White "Kuzmin,Ge"]
[Black "Chuprikov,D"]
[Result "1/2-1/2"]
[WhiteElo "2514"]
[BlackElo "2416"]

1.e4 e6 2.d4 d5 3.Nc3 Nf6 4.e5 Nfd7 5.Nce2 c5 6.c3 Nc6 7.f4 b5 8.a3 cxd4
9.Nxd4 Nxd4 10.cxd4 b4 11.a4 a5 12.Nf3 Be7 13.Bd3 Ba6 14.O-O Qb6 15.Be3 O-O
16.Rc1 Rfc8 17.Qe2 Bxd3 18.Qxd3 Qb7 19.Nd2 Rxc1 20.Rxc1 Rc8 21.Rxc8+ Qxc8
22.Nb3 Bd8 23.Qb5 Nf8 24.Nc5 h5 25.Qe8 Qc7 26.Kf1 Be7 27.Ke2 g6 28.b3 Kg7
29.Bf2 g5 30.g3 gxf4 31.gxf4 Ng6 32.Kf3 Nxe5+ 33.fxe5 Bxc5 34.dxc5 Qxe5 35.Kg2 Qe4+
36.Kg1  1/2-1/2

[Event "EYb16"]
[Site "Herceg Novi SCG"]
[Date "2005.09.14"]
[Round "1"]
[White "Olszewski,Mi"]
[Black "Tereick,B"]
[Result "1-0"]
[WhiteElo "2399"]
[BlackElo "2181"]

1.e4 e6 2.d4 d5 3.Nc3 Nf6 4.e5 Nfd7 5.Nce2 c5 6.c3 cxd4 7.cxd4 f6 8.f4 fxe5
9.fxe5 Qh4+ 10.Ng3 Bb4+ 11.Kf2 O-O+ 12.Nf3 Nc6 13.Be3 Ba5 14.Kg1 Rxf3 15.gxf3 Bb6
16.f4 g5 17.fxg5 Ndxe5 18.Kg2 Ng4 19.Bg1 Qxg5 20.Be2 Ne3+ 21.Bxe3 Qxe3 22.Rf1 Bxd4
23.Bd3 Qh6 24.Kh1 Bd7 25.Nh5 Be8 26.Nf4 Bf7 27.Qg4+ Bg7 28.Qg2 Rd8 29.Nh3 Ne5
30.Ng5 Bg6 31.Bxg6 Qxg6 32.Rg1 Rd7 33.Rac1 Nc6 34.Rce1 e5 35.Qh3 Re7 36.Qb3 Rd7
37.Ne4 Qf5 38.Rgf1 Qg6 39.Qh3 Re7 40.Ng3 Qe6 41.Qg2 e4 42.Nh5 Qe5 43.Qg4 Qe6
44.Qg5 Qe5 45.Rf5 Qxb2 46.Ref1  1-0

[Event "EYb14"]
[Site "Herceg Novi SCG"]
[Date "2005.09.18"]
[Round "5"]
[White "Safarli,E"]
[Black "Pap,G"]
[Result "1/2-1/2"]
[WhiteElo "2335"]
[BlackElo "2384"]

1.d4 e6 2.e4 d5 3.Nc3 Nf6 4.e5 Nfd7 5.f4 c5 6.Nf3 Nc6 7.Be3 cxd4 8.Nxd4 Bc5
9.Qd2 Nxd4 10.Bxd4 Bxd4 11.Qxd4 Qb6 12.Nb5 Qxd4 13.Nxd4 Ke7 14.O-O-O Nc5
15.Bd3 Bd7 16.b3 Rab8 17.a4 a6 18.Kb2 g5 19.fxg5 Rbg8 20.h4 h6 21.g4 hxg5
22.h5 Rf8 23.Rhf1 f6 24.exf6+ Rxf6 25.Rxf6 Kxf6 26.Rf1+ Ke5 27.Nf3+ Kf4 28.Nh4+ Kxg4
29.Ng6 Nxd3+ 30.cxd3 Rxh5 31.Ne5+ Kg3 32.Nxd7 g4 33.Nf6 Rf5 34.Rg1+ Kf2 35.Rxg4 Rxf6
36.Rg7 b5 37.axb5 axb5 38.Kc3 e5 39.Re7 Rf5 40.Kd2 b4 41.Re8 Kf3 42.Re7 e4
43.Re8 Kf4 44.Rb8 Rh5 45.Rxb4 Rh2+ 46.Kc3 Rh3 47.Rd4 Ke5 48.b4  1/2-1/2

[Event "EYb14"]
[Site "Herceg Novi SCG"]
[Date "2005.09.20"]
[Round "6"]
[White "Hovhannisyan,R"]
[Black "Balog,I1"]
[Result "1-0"]
[WhiteElo "2292"]
[BlackElo "2186"]

1.e4 e6 2.d4 d5 3.Nc3 Nf6 4.e5 Nfd7 5.f4 a6 6.Nf3 c5 7.Be3 Nc6 8.Qd2 b5 9.dxc5 Bxc5
10.Bxc5 Nxc5 11.Qf2 Qb6 12.b4 Nd7 13.Qxb6 Nxb6 14.a3 f6 15.exf6 gxf6 16.O-O-O O-O
17.f5 e5 18.Nxd5 Nxd5 19.Rxd5 Ne7 20.Rc5 Bxf5 21.c4 Rfd8 22.Nd2 Bd3 23.g4 bxc4
24.Nxc4 Bxf1 25.Rxf1 Nd5 26.Rxd5 Rxd5 27.Nb6 Rad8 28.Nxd5 Rxd5 29.Rxf6 a5
30.Rf2 Kg7 31.Rb2 axb4 32.axb4 e4 33.Re2 Rd4 34.b5 Kf6 35.Rd2 Rc4+ 36.Rc2 Rd4
37.Rd2 Rc4+ 38.Kd1 Ke6 39.Rb2 Kd7 40.b6 Kc8 41.Rc2 Rxc2 42.Kxc2 Kb7 43.Kc3 Kxb6
44.Kd4 Kc6 45.Kxe4 Kd6 46.Kf5 Ke7 47.Kg5 Kf7 48.Kh6 Kg8 49.g5 Kh8 50.h4 Kg8
51.h5 Kh8 52.g6  1-0

[Event "EYb18"]
[Site "Herceg Novi SCG"]
[Date "2005.09.21"]
[Round "7"]
[White "Valeanu,E"]
[Black "Vass,F"]
[Result "0-1"]
[WhiteElo "2398"]
[BlackElo "2287"]

1.e4 e6 2.d4 d5 3.Nc3 Nf6 4.e5 Nfd7 5.f4 c5 6.Nf3 Nc6 7.Be3 a6 8.Qd2 b6 9.O-O-O Bb7
10.f5 cxd4 11.Nxd4 Nxd4 12.Bxd4 Bc5 13.fxe6 fxe6 14.Qf4 Qe7 15.Be2 O-O-O
16.Qg3 Rdf8 17.Rhe1 h5 18.h4 g5 19.Qxg5 Qxg5+ 20.hxg5 Rfg8 21.Bf3 Bxd4 22.Rxd4 Rxg5
23.Rh4 Nxe5 24.Bd1 Rh6 25.Reh1 Rxg2 26.Rxh5 Rxh5 27.Rxh5 Nc4 28.Rh6 Kd7 29.Rh7+ Kc6
30.Bh5 Rg1+ 31.Nd1 Bc8 32.b3 Ne3 33.Kd2 Nxd1 34.Bxd1 Rg6 35.Rh8 Bb7 36.Be2 e5
37.c4 Kc5 38.cxd5 Bxd5 39.Rc8+ Kb4 40.Re8 Rg2 41.Ke3 e4 42.Re5 Bc6 43.Re6 Bb5
44.Rxe4+ Ka3 45.Bd1 Rg6 46.Kd2 Kxa2 47.Kc1 Rc6+ 48.Bc2 a5 49.Rd4 Ka3 50.Rf4 a4
51.Rf3 Ka2 52.Kd2 Kb2 53.Be4 Rd6+ 54.Ke1 a3 55.Rf2+ Kxb3 56.Bh7 Bc4 57.Bb1 b5
58.Rh2 Rd4 59.Rh8 a2 60.Rh3+ Kb2  0-1

[Event "EYb16"]
[Site "Herceg Novi SCG"]
[Date "2005.09.21"]
[Round "7"]
[White "Olszewski,Mi"]
[Black "Rakhmanov,A"]
[Result "0-1"]
[WhiteElo "2399"]
[BlackElo "2306"]

1.e4 e6 2.d4 d5 3.Nc3 Nf6 4.e5 Nfd7 5.Nce2 c5 6.c3 Nc6 7.f4 Qb6 8.Nf3 f6
9.a3 Be7 10.h4 O-O 11.Rh3 Na5 12.b4 cxb4 13.axb4 Nc4 14.Neg1 Qc7 15.Ra2 Ndb6
16.Bd3 f5 17.Ng5 a5 18.b5 a4 19.g4 Bxg5 20.hxg5 g6 21.Qf3 Rf7 22.Rah2 a3
23.Bb1 Ra5 24.Ne2 a2 25.Bxa2 Rxa2 26.Rh6 Rg7 27.gxf5 exf5 28.Qd3 Qe7 29.Qb1 Ra5  0-1

[Event "EYb16"]
[Site "Herceg Novi SCG"]
[Date "2005.09.23"]
[Round "9"]
[White "Saric,Iv"]
[Black "Lintchevski,D"]
[Result "0-1"]
[WhiteElo "2284"]
[BlackElo "2332"]

1.e4 e6 2.d4 d5 3.Nc3 Nf6 4.e5 Nfd7 5.f4 c5 6.Nf3 Nc6 7.Be3 a6 8.Qd2 b5 9.dxc5 Bxc5
10.Bxc5 Nxc5 11.Qf2 Qb6 12.b4 Nd7 13.a4 Nxb4 14.axb5 Nc5 15.Qd2 O-O 16.Ne2 Qxb5
17.Ned4 Qb6 18.Be2 a5 19.O-O Ba6 20.Bxa6 Rxa6 21.c3 Nb3 22.Qb2 Nxd4 23.Nxd4 Nc6
24.Rfb1 Qxb2 25.Rxb2 Nxd4 26.cxd4 a4 27.Ra3 h5 28.Rb4 Rfa8 29.Kf2 Kh7 30.Kf3 Kg6
31.h3 R8a7 32.g4 h4 33.Rb8 Kh7 34.Rb4 Ra5 35.g5 Rc7 36.Kg4 Kg6 37.Rb6 Rc4
38.f5+ Kh7 39.fxe6 Rxd4+ 40.Kf5 fxe6+ 41.Rxe6 Ra8 42.g6+ Kh6 43.Re7 Rd1 44.Rf7 Rg1
45.e6 Rg5+ 46.Kf4 Kxg6 47.Rc3 a3 48.Rcc7 Ra4+ 49.Kf3 Rf5+ 50.Ke3 Re4+ 51.Kd2 Rxf7
52.exf7 Rf4 53.Ra7 Rxf7 54.Rxa3 Rf4 55.Ke3 Rb4 56.Rd3 Rb5 57.Kd4 Kf5 58.Re3 Kf4
59.Re7 g5 60.Rf7+ Kg3 61.Rg7 Kxh3 62.Rxg5 Kh2 63.Kd3 h3 64.Ke2 Rb2+ 65.Kf1 d4
66.Rd5 Kg3 67.Rxd4 Rb1+ 68.Ke2 h2  0-1

[Event "NK Rapid"]
[Site "Vlaardingen NED"]
[Date "2005.10.01"]
[Round "7"]
[White "Glek,I"]
[Black "Visser,Y"]
[Result "1-0"]
[WhiteElo "2566"]
[BlackElo "2485"]

1.e4 e6 2.d4 d5 3.Nc3 Nf6 4.e5 Nfd7 5.f4 c5 6.Nf3 Nc6 7.Be3 Qb6 8.Na4 Qa5+
9.c3 b6 10.Kf2 Ba6 11.Bxa6 Qxa6 12.Rf1 Be7 13.Kg1 O-O 14.g4 f6 15.exf6 Nxf6
16.Ng5 Qc8 17.f5 exf5 18.gxf5 cxd4 19.cxd4 Ne4 20.Nxe4 dxe4 21.d5 Ne5 22.d6 Bf6
23.Qd5+ Kh8 24.Qxe4 Qd7 25.Rad1 Rac8 26.Nc3 Rc4 27.Qd5 Re8 28.Bd4 Rc6 29.Ne4 Rc2
30.Bc3 Re2 31.Ng3 Rc2 32.Qe4 Rxc3 33.bxc3 Nf7 34.Qd5 Re5 35.Qd3 Ng5 36.Rfe1 Rc5
37.c4 h6 38.h4 Nf7 39.Re6 Ne5 40.Qe2 Nxc4 41.Re8+ Kh7 42.Qh5 Ne5 43.Ne4 Nf3+
44.Qxf3 Qxe8 45.Nxc5 bxc5 46.d7 Qd8 47.Qh5 Bd4+ 48.Rxd4 cxd4 49.Qg6+ Kg8
50.Qe8+ Kh7 51.Qxd8 h5 52.Qe7  1-0

[Event "Veselin Boskovic Mem"]
[Site "Bijelo Polje SCG"]
[Date "2005.10.07"]
[Round "6"]
[White "Rabrenovic,M"]
[Black "Kosic,D"]
[Result "1/2-1/2"]
[WhiteElo "2302"]
[BlackElo "2489"]

1.e4 e6 2.d4 d5 3.Nc3 Nf6 4.e5 Nfd7 5.f4 c5 6.Nf3 a6 7.Be3 Qb6 8.a3 Qa7 9.Qd2 Nc6
10.dxc5 Bxc5 11.Bxc5 Nxc5 12.b4 Nd7 13.Bd3 h6 14.h4 Qb6 15.Rh3 Nd4 16.Nh2 h5
17.Qf2 Nc6 18.Rg3 Qxf2+ 19.Kxf2 Kf8 20.Nf3 Nb6 21.Ne2 Bd7 22.Ned4 Nxd4 23.Nxd4 g6
24.Ke3 Ke7 25.Kd2 Rhc8 26.Be2 Na4 27.Rb1 Rc7 28.Rbb3 Rac8 29.Rge3 Be8 30.Bf1 Rd8
31.Rb1 Ra8 32.Be2 Rac8 33.Rbb3 Rd8 34.Rb1 Nb6 35.Rc3 Nc4+ 36.Ke1 b5 37.Rbb3 Ra8
38.Bf3 a5 39.Rb1 axb4 40.axb4 Ra2 41.Be2 Bd7 42.Bxc4 bxc4 43.Kd2 Rb7 44.Re3 Ra4
45.Kc3 Kd8 46.Ree1 Ra3+ 47.Kd2 Rg3 48.Rg1 Ra3 49.Ra1 Rba7 50.Rxa3 Rxa3 51.Rc1 Kc7
52.c3  1/2-1/2

[Event "Open A"]
[Site "Hamburg GER"]
[Date "2005.10.08"]
[Round "8"]
[White "Moeller,H"]
[Black "Schlawin,M"]
[Result "1-0"]
[WhiteElo "2160"]
[BlackElo "2298"]

1.e4 e6 2.d4 d5 3.Nc3 Nf6 4.e5 Nfd7 5.f4 c5 6.Nce2 Nc6 7.c3 Qb6 8.Nf3 Be7
9.a3 O-O 10.b4 cxd4 11.cxd4 a5 12.b5 Qxb5 13.Nc3 Qb6 14.Rb1 Qc7 15.Nb5 Qd8
16.Bd3 f5 17.h3 Na7 18.Nc3 b5 19.g4 g6 20.gxf5 gxf5 21.Ng5 Bxg5 22.fxg5 b4
23.Ne2 Nc6 24.h4 Nb6 25.g6 hxg6 26.Bg5 Qc7 27.Rc1 Nc4 28.h5 gxh5 29.Bxc4 dxc4
30.Bh6 Rf7 31.Nf4 Rg7 32.Qxh5 Ba6 33.Bxg7 Qxg7 34.Kf2 Nxe5 35.dxe5 Qa7+ 36.Ke1 Qe3+
37.Ne2 Qxe5 38.Qh7+ Kf8 39.Qh8+  1-0

[Event "TCh-FIN 2005-6"]
[Site "Vantaa FIN"]
[Date "2005.10.08"]
[Round "3"]
[White "Sorsa,N"]
[Black "Kujala,A"]
[Result "1-0"]
[WhiteElo "2231"]
[BlackElo "2267"]

1.e4 e6 2.d4 d5 3.Nc3 Nf6 4.e5 Nfd7 5.f4 c5 6.Nf3 Nc6 7.Be3 a6 8.Qd2 b5 9.h4 Qb6
10.Ne2 f6 11.f5 cxd4 12.Nfxd4 Bc5 13.Rh3 Ndxe5 14.Nxe6 Bxe6 15.fxe6 d4 16.Bg1 Nc4
17.Qf4 Qa5+ 18.c3 dxc3 19.bxc3 Bxg1 20.Nxg1 N6e5 21.Rg3 O-O 22.h5 Rae8 23.Qf5 Re7
24.Nh3 Nd6 25.Qc2 Rxe6 26.O-O-O Ndc4 27.Nf4 Rc6 28.h6 g6 29.Rd5 Rd8 30.Nxg6 hxg6
31.Bxc4 Rxc4 32.Rxg6+ Kf7 33.Rg7+ Ke6 34.Rxe5+ Kxe5 35.Qe2+ Re4 36.Re7+ Kd6
37.Rxe4 Qxc3+ 38.Kb1 Rc8 39.Qd1+ Kc5 40.h7 f5 41.Re2 Kb6 42.Qd6+ Ka5 43.Qd2 Qxd2
44.Rxd2 Rh8 45.Rd7 Kb4 46.Rc7 a5 47.Kb2 Ka4 48.Rd7 b4 49.Rb7 Rc8 50.Rb6 Rh8
51.Rh6 Kb5 52.Rh5 Kc4 53.Kc2 a4 54.Rh4+ Kc5 55.Kd3 b3 56.axb3 axb3 57.Kc3 Kd5
58.Kxb3 Ke5 59.Kc4 Kf6 60.Kd4 Kg5 61.Rh3 f4 62.Ke4  1-0

[Event "TCh-FIN 2005-6"]
[Site "Vantaa FIN"]
[Date "2005.10.09"]
[Round "4"]
[White "Anjuhin,A"]
[Black "Kokkila,T"]
[Result "1/2-1/2"]
[WhiteElo "2399"]
[BlackElo "2292"]

1.e4 e6 2.d4 d5 3.Nc3 Nf6 4.e5 Nfd7 5.f4 c5 6.Nf3 Nc6 7.Be3 a6 8.Qd2 b5 9.dxc5 Nxc5
10.Qf2 Na4 11.Nxa4 bxa4 12.Bd3 a3 13.c3 axb2 14.Qxb2 Qa5 15.Nd4 Nxd4 16.Bxd4 Bc5
17.Bxc5 Qxc5 18.Ke2 O-O 19.Qb4 Qc6 20.Rab1 f6 21.Qd4 Qe8 22.Kf2 Qh5 23.Kg1 Bd7
24.h3 Bb5 25.exf6 Rxf6 26.Bxb5 axb5 27.Rxb5 Qe2 28.Rxd5 Rxa2 29.Rg5 Ra1+
30.Kh2 Rxh1+ 31.Kxh1 Qf1+ 32.Kh2 Qxf4+  1/2-1/2

[Event "Chigorin Mem"]
[Site "St Petersburg RUS"]
[Date "2005.10.15"]
[Round "1"]
[White "Andreikin,D"]
[Black "Denisov,I"]
[Result "1-0"]
[WhiteElo "2458"]
[BlackElo "2154"]

1.e4 e6 2.d4 d5 3.Nc3 Nf6 4.e5 Nfd7 5.f4 c5 6.Nf3 Nc6 7.Be3 cxd4 8.Nxd4 Bc5
9.Qd2 Nxd4 10.Bxd4 Bxd4 11.Qxd4 Qb6 12.Qxb6 Nxb6 13.a4 Bd7 14.a5 Nc4 15.Bxc4 dxc4
16.Ne4 Ke7 17.Nd6 b5 18.axb6 axb6 19.Kd2 b5 20.Kc3 h6 21.Kb4 Rhb8 22.Kc5 f6
23.g3 fxe5 24.fxe5 Rxa1 25.Rxa1 Rf8 26.Kb6 Rf2 27.Kc7 b4 28.c3 b3 29.h4 Rf8
30.h5 Rf3 31.g4 Rf4 32.Rd1 Ba4 33.Ra1 Bd7 34.Rg1 Be8 35.g5 Bxh5 36.gxh6 gxh6
37.Rh1 Bf7 38.Rxh6 Kf8 39.Rf6 Rxf6 40.exf6 e5 41.Kc6 Be6 42.Kc5 Kg8 43.Ne4 Bf5
44.Kd5 Kf7 45.Kxe5 Bg4 46.Nd6+ Kf8 47.Nxc4 Be2 48.Nd6 Bf3 49.c4 Bc6 50.c5 Ba8
51.Kd4 Bc6 52.Kc4  1-0

[Event "Chigorin Mem"]
[Site "St Petersburg RUS"]
[Date "2005.10.15"]
[Round "1"]
[White "Lintchevski,D"]
[Black "Ivanjuk,A"]
[Result "1-0"]
[WhiteElo "2423"]
[BlackElo "2127"]

1.e4 e6 2.d4 d5 3.Nc3 Nf6 4.e5 Nfd7 5.f4 c5 6.Nf3 Nc6 7.Be3 a6 8.Qd2 b5 9.dxc5 Bxc5
10.Bxc5 Nxc5 11.b4 Na4 12.Nxa4 bxa4 13.a3 O-O 14.Bd3 f5 15.c4 dxc4 16.Bxc4 Qxd2+
17.Kxd2 h6 18.Ke3 Ra7 19.Rac1 Re7 20.Rhd1 Bb7 21.Rd6 Kf7 22.Bxa6 Bxa6 23.Rdxc6 Bb7
24.Rc7 Re8 25.Nd4 Bxg2 26.Nb5 Rxc7 27.Rxc7+ Kg6 28.Nd6 Rb8 29.Kd4 Rg8 30.b5 Kh5
31.b6 g5 32.Ke3 Kg4 33.b7 Rb8 34.Rc8 Rxb7 35.Nxb7 gxf4+ 36.Kf2 Bxb7 37.Rc4 Be4
38.Rxa4 f3 39.Ra6 Bd5 40.Rd6 Ba2 41.Rd2 Bb1 42.a4 Kf4 43.a5 Kxe5 44.a6 Be4
45.a7 Bc6 46.Rc2 Be4 47.Rc8  1-0